History Quiz

Random History or Year Quiz
Score 0/31 Timer 10:00
1 Play Today
% Correct
Haiti
89%
Franklin D. Roosevelt
88.5%
David Bowie
88.5%
Julius Caesar
88.1%
Revolvers
87.7%
California
85.1%
Michigan
82.8%
Kingdom of Hawaii
82.8%
Cuba
82.4%
Andes
80.8%
China
80.7%
Vladimir Ilyich Lenin
80.5%
Iberia
77.4%
Soviet Union
77.2%
Labour Party
71.2%
American Civil War
70.7%
% Correct
Japan
70.2%
Tsardom of Russia
67.3%
Liberia
65.7%
West Pakistan
63.6%
Siam
63.1%
Constantinople
62.9%
People's Republic of Albania
56.2%
Rubicon
52.3%
Andrew Jackson
48%
Milwaukee
47.9%
Manila
46.4%
Đại Việt
42.4%
Holy Roman Empire
42.2%
Calais
40.6%
Chamonix
26.4%
Remove Ads.
Support Sporcle.
Get the best of Sporcle when you Go Orange. This ad-free experience offers more features, more stats, and more fun while also helping to support Sporcle. Thank you for becoming a member.

You're not logged in!

Compare scores with friends on all Sporcle quizzes.
OR
Log In

Show Comments

Extras

Top Quizzes Today


Score Distribution

Your Account Isn't Verified!

In order to create a playlist on Sporcle, you need to verify the email address you used during registration. Go to your Sporcle Settings to finish the process.

Report this User

Report this user for behavior that violates our Community Guidelines.

Details: